Statistics for Korean Translations of Song Titles

Click here to take the quiz!

General Stats

  • This quiz has been taken 101 times
  • The average score is 5 of 28

Answer Stats

Korean TranslationSong Title% Correct
AnnyeongHello
92%
Hotel KaelliponiaHotel California
80%
ApeurikaAfrica
45%
MilkeusyeikeuMilkshake
37%
EojeYesterday
35%
Patiui RokParty Rock
30%
GeumyoilFriday
29%
Modeun AchimEvery Morning
27%
Naega Sonyeoreul KiseuhaesseoI Kissed a Girl
27%
Yeppeun Sonyeoui RokPretty Girl Rock
15%
Eongdeongideuri Geojitmalhaji AnaHips Don't Lie
13%
Han GeotOne Thing
13%
Noransaegui JamsuhamYellow Submarine
10%
Nan Neomu SeksihaeI'm Too Sexy
9%
Nae JutaekMy House
6%
Muryehan SonyeonRude Boy
3%
Geomeun Gumeongui TaeyangBlack Hole Sun
2%
Buseojin Kkumdeurui KeungilBoulevard of Broken Dreams
2%
Ageoui RokCrocodile Rock
2%
YudokhanToxic
2%
Neon Nawa Hamkke SokhaeYou Belong With Me
2%
Yojeong ByeongeGenie in a Bottle
0%
YeoreumeseoIn the Summertime
0%
Seom HaetsareIsland in the Sun
0%
Eomeoniui Jageun Domneun GeotMother's Little Helper
0%
Manui Budue Ango IsseoSittin' On the Dock of the Bay
0%
JokeoThe Joker
0%
Sesangeul Pan NamjaThe Man That Sold the World
0%

Score Distribution

Percentile by Number Answered

Percent of People with Each Score

Your Score History

You have not taken this quiz